Music Quiz

Random Music or Billboard Quiz
Score 0/28 Timer 05:00
0 Plays Today
% Correct
Could It Be I'm Falling in Love?
66.5%
Back Stabbers
59.7%
Lady Marmalade
58.8%
Betcha by Golly, Wow
56.6%
Love Train
53.9%
Games People Play
50.1%
The Rubberband Man
49.9%
Didn't I (Blow Your Mind This Time)
49.6%
Break Up to Make Up
48.9%
For the Love of Money
46.7%
I'll Be Around
44.1%
Working My Way Back to You
43.9%
I'm Stone in Love with You
40.7%
You'll Never Find Another Love Like Mine
39.3%
% Correct
Give The People What They Want
39.1%
Use ta Be My Girl
37.3%
New Attitude
36.6%
You Make Me Feel Brand New
35.4%
Then Came You
33%
I Love Music
32.4%
La-La (Means I Love You)
31.9%
One of a Kind (Love Affair)
31.6%
Tighten Up
29.3%
Lady Love
27.7%
You Are Everything
26.8%
Ready or Not Here I Come (Can't Hide from Love)
23.6%
Oh, People
23.4%
What Can I Do For You
21.3%
Come Together.
Have Fun.
All Virtual.
We all need to come together. Play Sporcle's virtual live trivia to have fun, connect with people, and get your trivia on. Join a live hosted trivia game for your favorite pub trivia experience done virtually. If a virtual private party is more your thing, go here for details.

You're not logged in!

Compare scores with friends on all Sporcle quizzes.
OR
Log In

Sporcle TV

Today on Sporcle TV


Watch our educational content, quiz creation guides, and fun videos on Sporcle TV.

Show Comments

Extras

Top Quizzes Today


Score Distribution

Paid Content

Your Account Isn't Verified!

In order to create a playlist on Sporcle, you need to verify the email address you used during registration. Go to your Sporcle Settings to finish the process.

Report this User

Report this user for behavior that violates our Community Guidelines.

Details: